Normal view
MARC view
Entry Personal Name
001 - CONTROL NUMBER
- control field: 28491
003 - CONTROL NUMBER IDENTIFIER
- control field: OSt
005 - DATE AND TIME OF LATEST TRANSACTION
- control field: 20211029165258.0
008 - FIXED-LENGTH DATA ELEMENTS
- fixed length control field: 211029|| aca||aabn | a|a d
040 ## - CATALOGING SOURCE
- Original cataloging agency: OSt
- Transcribing agency: OSt
100 ## - HEADING--PERSONAL NAME
- Personal name: Stalebrink, Odd J. Donatella, Pierre
670 ## - SOURCE DATA FOUND
- Source citation: Work cat.: (OSt): Stalebrink, Odd J. Donatella, Pierre , Public pension governance and opportunistic accounting choice: A politico-economic approach
